00322pab a2200121 454500008004000000100001500040245007000055260000900125300001400134362000800148650001500156773002900171180718b2007 xxu||||| |||| 00| 0 eng d aDudai, Ron aBecoming a war criminal: insights from the Hague (a review essay) c2007 ap.301-09. aJun aWar crimes aSocial and Legal Studies